=LDR 00000nam 2200000 4500 =001 INLIS000000000061178 =005 20220831090905 =035 ##$$a 0010-0822000088 =007 ta =008 220831###########################0#ind## =020 ##$$a 978-602-391-260-5 =082 ##$$a 297.612 =084 ##$$a 297.612 Riz m =100 #$$a Rizem Aizid =245 1#$$a Merebut Hati Istri : $b Kiat-Kiat Menjadi Suami yang Mampu Melengkapi Kekurangan Istri /$c Rizem Aizid =260 ##$$a yogyakarta :$b Diva Press,$c 2017 =300 ##$$a 208 halaman ; $c 21 cm =650 #4$$a Keluarga Idslam =990 ##$$a 22062206